Normal view
MARC view
- Sadaf Akram
Entry Personal Name
001 - CONTROL NUMBER
- control field: 103809
003 - CONTROL NUMBER IDENTIFIER
- control field: NUST
005 - DATE AND TIME OF LATEST TRANSACTION
- control field: 20221130095539.0
008 - FIXED-LENGTH DATA ELEMENTS
- fixed length control field: 221130|| aca||aabn | a|a d
040 ## - CATALOGING SOURCE
- Original cataloging agency: NUST
- Transcribing agency: NUST
100 ## - HEADING--PERSONAL NAME
- Personal name: Sadaf Akram
670 ## - SOURCE DATA FOUND
- Source citation: Work cat.: (NUST)10565: Sadaf Akram, Effective architecture for positive security enabled SWAF [Project MSIT-9], 2011.
